000 00948nas a22002657a 4500
003 OSt
005 20151110104012.0
008 130703c1995 sp ar||| |||| 00| 0 spa d
022 _a1135-7991
040 _cCDMR
_bcat
245 0 0 _aCIC
_b: Cuadernos de Información y Comunicación
260 _aMadrid
_bUniversidad Complutense. Facultad de Ciencias de la Información
_c1995-
300 _av.
310 _aAnual
362 _aNúm. 1 (1995) -
650 0 4 _93919
_aPeriodisme
_vRevistes
650 0 4 _91722
_aRàdio
_vRevistes
650 0 4 _9875
_aPublicitat
_vRevistes
650 0 4 _92775
_aRelacions públiques
_vRevistes
650 0 4 _9597
_aTelevisió
_vRevistes
710 2 _93910
_aUniversidad Complutense de Madrid
_b-- Facultad de Ciencias de la Información
856 4 0 _uhttp://revistas.ucm.es/index.php/CIYC/
_yDisponible en línia (UCM)
856 4 0 _uhttp://dialnet.unirioja.es/servlet/revista?codigo=1523
_y(Dialnet)
942 _2udc
_cSER
999 _c6552
_d6552